000 00459nam a22001697a 4500
003 CEME
005 20210628205118.0
008 210225b xxu||||| |||| 00| 0 eng d
020 _a0-7923-9742-8
040 _c.
082 _a621.382 MUL'J
100 _aGodlewsli, P,Jabbari, Bigan,Lagrange, X
_973962
245 _aMultiplier mobility and teletraffic for personal communications
260 _aBOSTON
_bKLUWER
_c1996
300 _a364P
942 _cBK
_2ddc
999 _c579566
_d579566